000 02026cam a22004697a 4500
003 CHAP
005 20220817042444.0
008 971013s1969 r 00010 d
010 _a45236
011 _a46208
035 _a50349
040 _cCHAP
082 _a972.0059
_bU55
110 _aUniversidad Nacional Autónoma de México. Instituto de Investigaciones Sociales
_9116558
245 1 4 _aLos calendarios de México
260 _aMéxico, D.F. :
_bLa Universidad,
_c1969
300 _a4 v.
_b: ilus. ; mapas
505 _aContenido: v.1 Clima; fluctuaciones económicas agricultura; mortalidad y morbilidad.- v.2 Administración pública; educación y cívicos; trabajo.- v.3 Electorales.- v.4 Litúrgicos; fiestas y ferias turísticos
590 _aBATCH-UPD
_b10
_c20130109
_lUCH01
_h2308
590 _aBATCH-UPD
_b10
_c20130110
_lUCH01
_h1145
590 _aBATCH-UPD
_b10
_c20130409
_lUCH01
_h1825
590 _aBATCH-UPD
_b10
_c20130410
_lUCH01
_h0730
590 _aBATCH-UPD
_b10
_c20130914
_lUCH01
_h0041
590 _aCONVERSION
_b10
_c20130109
_lUCH01
_h1325
650 1 4 _aAgricultura
_xCalendarios
_xMexico.
_91346
650 1 4 _aAgricultura
_zMéxico.
_91932
650 1 4 _aClima
_xMéxico.
_923835
650 1 4 _aEducación
_xMéxico.
_935466
650 1 4 _aFolklore
_xMéxico.
_942017
650 1 4 _aMéxico
_xCondiciones económicas.
650 1 4 _aMéxico
_xEstadísticas vitales.
_976746
650 1 4 _aTrabajo y trabajadores
_xEstadísticas.
_9114522
650 1 4 _aTurismo
_zMéxico.
_9115619
901 _aBK
942 _cLIBRO
949 _a972.0059 U55
_bBC
_cC
_d-113141
_eC
_fv.1
_h13690
_i50349
_mD
_si
949 _a972.0059 U55
_bBC
_cC
_d33724000652723
_eC
_fv.3
_h13692
_i50349
_mD
_si
949 _a972.0059 U55
_bBC
_cC
_d33724000652772
_eC
_fv.1 c.2
_h56142
_i50349
_mD
_si
949 _a972.0059 U55
_bBC
_cC
_d33724000652806
_eC
_fv.1 c.3
_h56143
_i50349
_mD
_si
949 _a972.0059 U55
_bBC
_cC
_d33724000652814
_eC
_fv.4
_h13693
_i50349
_mD
_si
949 _a972.0059 U55
_bBC
_cLIBRO
_d33724000811303
_eLIBRO
_fv.2
_h13691
_i50349
_mD
_sb
999 _c45236
_d45236